| 000 | 01370nam a22002057a 4500 | ||
|---|---|---|---|
| 999 |
_c59333 _d59333 |
||
| 003 | Ge_BSU | ||
| 005 | 20230123162232.0 | ||
| 008 | 230123s2019 ge ||||| |||| 00| 0 geo d | ||
| 020 | _a9789941815119 | ||
| 041 | _ageo | ||
| 080 | _a631.41(075.8) მ-30 | ||
| 100 |
_aმარგველაშვილი, გოგოლა _916741 |
||
| 245 |
_aნიადაგის ქიმიური ანალიზი : _bდამხმარე სახელმძღვანელო საქ. უნივერსიტეტებში არსებული აგრარული ფაკულტეტების სამივე საფეხურის (ბაკალავრიატი, მაგისტრატურა, დოქტორანტურა) სტუდენტებისთვის / _c გოგოლა მარგველაშვილი ; რედაქტორი ვალერიან ცანავა. |
||
| 264 |
_aთბილისი : _bსაჩინო, _c2019. |
||
| 300 |
_a332 გვ. : _bცხრ. ; _c20 სმ. |
||
| 504 | _aბიბლიოგრაფია: გვ. 323. | ||
| 653 | _aნიადაგის ქიმიური ანალიზი | ||
| 700 |
_aცანავა, ვალერიან _eრედაქტორი _923 |
||
| 942 |
_2udc _cBK |
||